Freguesias de Portugal começadas por Z - Statistics

Estatísticas Gerais
  • Esse quiz foi jogado 13 vezes
  • A pontuação média é 4 de 8
Estatísticas das Respostas
Freguesias Município % Correto
{Dornelas} do Z{êzere} Pampilhosa da Serra
100%
{Ferreira} do Z{êzere} Ferreira do Zêzere
100%
{Santa} {Marinha} do Z{êzere} Baião
100%
Z{ebreira} Idanha-a-Nova
36%
Z{ambujal} Condeixa-a-Nova
27%
Z{edes} Carrazeda de Ansiães
27%
Z{oio} Bragança
27%
Z{ibreira} Torres Novas
18%
Nenhum quiz correspondente encontrado
Distribuição das Pontuações
Porcentagem de Pessoas com Cada Pontuação
Percentil de Números Respondidos
Sua Pontuação Histórica
Você não jogou esse quiz